Ultimate Byler - Statistics

General Stats
  • This quiz has been taken 370 times
  • The average score is 8 of 14
Answer Stats
Season Quote Missing Word % Correct
One "I'm the only one who __ about Will!" cares
96%
One "The __. It was a seven." roll
96%
Two "Yeah. Crazy __." together
92%
Three “El's not stupid. It's not _ __ you don't like girls. I'm not trying to be a jerk. Okay? But we're not kids anymore. I mean, what did you think, really? That we were never gonna get girlfriends? We were just gonna sit in my basement all day and play games for the rest of our lives?” my fault
74%
Five "This is ___ ___, Mike. Not DnD." real life
68%
Five "____? No, thanks." Friends
67%
Five "You're a ____! A real, live ____!" sorcerer
66%
Three Mike - “Yeah, but what if you want to join another party?”Will - “__ ___.” not possible
60%
Three “Will, come on. You can't leave. _ ___. Listen, I said I was sorry, all right?” It's raining
50%
Four “You've called maybe a couple times. It's been a year, Mike. Meanwhile, El has a ___ _ ___ from you.” book of letters
48%
Four "It's just... _ ____. It's not the same without you." it's Hawkins
45%
Two “Do you remember the first day that we met? It was... It was the first day of kindergarten. I knew nobody. I had no friends and... I just felt so alone and so scared, but... I saw you on the swings and you were alone, too. You were just swinging by yourself. And I just walked up to you and... I asked. I asked if you wanted to be my friend. And you said yes. You said yes. It was the __ __ _ __ __.” best thing I've ever done
44%
Two “You're like a spy now. A superspy. Spying on the shadow monster. If you know what he's seeing and feeling... maybe that's how we can stop him. Maybe all of this is ___ __ a ___.” happening for reason
22%
Four “Mike. Don't stop. Okay? You're the heart. Okay? _____ ___. You're the heart.” Remember that
21%
No matching quizzes found
Score Distribution
Percent of People with Each Score
Percentile by Number Answered
Your Score History
You have not taken this quiz